书目信息 |
| 题名: |
公共关系实用教程
|
|
| 作者: | 李兴国 编著 | |
| 分册: | ||
| 出版信息: | 北京 高等教育出版社 2005.03 |
|
| 页数: | 531页 | |
| 开本: | 26cm | |
| 丛书名: | ||
| 单 册: | ||
| 中图分类: | C912.3 | |
| 科图分类: | ||
| 主题词: | 公共关系学--gong gong guan xi xue--高等教育--教材 | |
| 电子资源: | ||
| ISBN: | 7-04-008752-9 | |
| 000 | 00852nam0 2200241 450 | |
| 001 | 012006788642 | |
| 005 | 20081027153657.09 | |
| 010 | @a7-04-008752-9@dCNY19.90 | |
| 100 | @a20060725d2005 km y0chiy0120 ea | |
| 101 | 0 | @achi |
| 102 | @aCN@b110000 | |
| 105 | @aa a 000yy | |
| 200 | 1 | @a公共关系实用教程@Agong gong guan xi shi yong jiao cheng@f李兴国编著@Fli xing guo bian zhu |
| 210 | @a北京@c高等教育出版社@d2005.03 | |
| 215 | @a531页@c图@d26cm | |
| 300 | @a普通高等教育"十五"国家级规划教材 | |
| 320 | @a有书目 (第278-280页)。 | |
| 330 | @a本书重点介绍了关公的信息管理、公关调研、策划、传播、评估、企业文化建设、公关活动模式、公关礼仪、创造性思维以及CS等内容。 | |
| 606 | 0 | @a公共关系学@Agong gong guan xi xue@x高等教育@j教材 |
| 690 | @aC912.3@v4 | |
| 701 | 0 | @a李兴国@Ali xing guo@4编著 |
| 801 | 0 | @aCN@c20081027 |
| 905 | @dC912.3@eL301 | |
| 公共关系实用教程/李兴国编著.-北京:高等教育出版社,2005.03 |
| 531页:图;26cm |
| 普通高等教育"十五"国家级规划教材 |
| ISBN 7-04-008752-9:CNY19.90 |
| 本书重点介绍了关公的信息管理、公关调研、策划、传播、评估、企业文化建设、公关活动模式、公关礼仪、创造性思维以及CS等内容。 |
| ● |
| 相关链接 |
|
|
|
正题名:公共关系实用教程
索取号:C912.3/L301
 
预约/预借
| 序号 | 登录号 | 条形码 | 馆藏地/架位号 | 状态 | 备注 |
| 1 | 459765 | 204597659 | 社科库509/509社科库 59排2列3层/ [索取号:C912.3/L301] | 在馆 |